Rýchlejší trh chce zmenu správy fondov
Rozhovor s Martinom Ďuriančíkom, členom predstavenstva Tatra Asset Management, o prispôsobovaní investičnej stratégie a meniacim sa trhom.
Na minha lista:
| Autor principal: | |
|---|---|
| Formato: | Capítulo de Livro |
| Idioma: | eslovaco |
| Assuntos: | |
| Tags: |
Sem tags, seja o primeiro a adicionar uma tag!
|
MARC
| LEADER | 00000naa a2200000 4500 | ||
|---|---|---|---|
| 001 | 0148589 | ||
| 005 | 20240502072655.0 | ||
| 041 | 0 | |a slo | |
| 044 | |a SK | ||
| 245 | 1 | 0 | |a Rýchlejší trh chce zmenu správy fondov |c Pavel Škriniar |
| 520 | |a Rozhovor s Martinom Ďuriančíkom, členom predstavenstva Tatra Asset Management, o prispôsobovaní investičnej stratégie a meniacim sa trhom. | ||
| 610 | 2 | 0 | |a manažment |
| 610 | 2 | 0 | |a manažéri |
| 610 | 2 | 0 | |a predstavenstvo |
| 610 | 2 | 0 | |a riadenie vrcholové |
| 610 | 2 | 0 | |a rozhodovanie manažérske |
| 610 | 2 | 0 | |a ciele riadenia |
| 610 | 2 | 0 | |a spoločnosti investičné |
| 100 | 1 | |a Škriniar, Pavel, 1979- | |